000 00389pab a2200157 454500
008 180718b2013 xxu||||| |||| 00| 0 eng d
100 _aSharma, Vijender
245 _aReforms bare their ugly face: scrap FYUP, save Delhi University
260 _c2013
300 _ap.25-27.
362 _a22 Jun
650 _aHigher education
773 _aMainstream
908 _aN
909 _a99525
999 _c99524
_d99524